[Event "Chess Siberia A"]
[Site "Novosibirsk"]
[Date "2017.06.29"]
[Round "8"]
[White "Giljazitdinov, Eduard"]
[Black "Suleymenov, Alisher"]
[Result "0-1"]
[WhiteElo "2098"]
[BlackElo "2293"]
[PlyCount "84"]
[EventDate "2017.06.24"]
[EventType "tourn"]
[EventRounds "9"]
[EventCountry "RUS"]
[EventCategory "1"]
[SourceTitle "EXT 2018"]
[Source "ChessBase"]
[SourceDate "2017.10.13"]
[SourceVersion "1"]
[SourceVersionDate "2017.10.13"]
[SourceQuality "1"]

1. e4 e6 2. d4 d5 3. e5 c5 4. c3 Nc6 5. Nf3 Qb6 6. a3 Nh6 7. Bxh6 gxh6 8. b4 cxd4 9. cxd4 Bg7 10. Nc3 0-0 11. Na4 Qd8 12. Bb5 Ne7 13. Bd3 Ng6 14. 0-0 Nh4 15. Nxh4 Qxh4 16. g3 Qe7 17. Rc1 b6 18. Nc3 Bd7 19. Ba6 f6 20. f4 Qe8 21. Re1 fxe5 22. dxe5 b5 23. Qd4 Rb8 24. a4 bxa4 25. b5 Rb6 26. Qxa4 h5 27. Qc2 h4 28. Qd3 Qh5 29. Qe2 Qg6 30. Kf2 Kh8 31. Rg1 Qf5 32. Rg2 Bxe5 33. Kg1 Bd4+ 34. Kh1 h3 35. Rf2 Bxf2 36. Qxf2 Qd3 37. Kg1 Be8 38. Na4 Rxa6 39. Nc5 Qxb5 40. Nxa6 Qxa6 41. Qd4+ Kg8 42. f5 Qe2 0-1

[Event "Chess Siberia A"]
[Site "Novosibirsk"]
[Date "2017.06.25"]
[Round "3"]
[White "Antonenko, Vladimir Georgievic"]
[Black "Giljazitdinov, Eduard"]
[Result "1-0"]
[WhiteElo "2303"]
[BlackElo "2098"]
[PlyCount "55"]
[EventDate "2017.06.24"]
[EventType "tourn"]
[EventRounds "9"]
[EventCountry "RUS"]
[EventCategory "1"]
[SourceTitle "EXT 2018"]
[Source "ChessBase"]
[SourceDate "2017.10.13"]
[SourceVersion "1"]
[SourceVersionDate "2017.10.13"]
[SourceQuality "1"]

1. d4 Nf6 2. c4 g6 3. Nc3 Bg7 4. e4 d6 5. Be2 0-0 6. Nf3 e5 7. 0-0 Nc6 8. d5 Ne7 9. Ne1 Nd7 10. Be3 f5 11. f3 f4 12. Bf2 g5 13. a4 a5 14. Nd3 b6 15. Be1 Nf6 16. Nb5 g4 17. fxg4 Nxe4 18. Qc2 h5 19. Nxf4 Rxf4 20. Rxf4 Nf6 21. Rf1 Nxg4 22. Ra3 Bh6 23. Bd2 Bf5 24. Rxf5 Bxd2 25. Rxh5 Be3+ 26. Rxe3 Nxe3 27. Qh7+ Kf8 28. Qh6+ 1-0

[Event "Novosibirsk Siberia IM"]
[Site "Novosibirsk"]
[Date "2016.07.27"]
[Round "8"]
[White "Giljazitdinov, Eduard"]
[Black "Antonenko, Vladimir Georgievic"]
[Result "1/2-1/2"]
[WhiteElo "2080"]
[BlackElo "2308"]
[PlyCount "183"]
[EventDate "2016.07.20"]
[EventType "tourn"]
[EventRounds "9"]
[EventCountry "RUS"]
[SourceTitle "EXT 2017"]
[Source "ChessBase"]
[SourceDate "2016.10.25"]
[SourceVersion "1"]
[SourceVersionDate "2016.10.25"]
[SourceQuality "1"]

1. e4 c5 2. Nf3 Nc6 3. Bb5 e6 4. Bxc6 bxc6 5. d3 Ne7 6. 0-0 Ng6 7. Bg5 f6 8. Bd2 Be7 9. Nc3 e5 10. Ne2 0-0 11. Ne1 f5 12. exf5 Rxf5 13. Ng3 Rf7 14. Qh5 d6 15. Ne4 Nf4 16. Bxf4 Rxf4 17. Qe2 Bg4 18. f3 Bh5 19. g4 Be8 20. Ng2 Rf7 21. f4 exf4 22. Nxf4 Bd7 23. Ng2 Qf8 24. Rxf7 Qxf7 25. Rf1 Qe6 26. h3 Re8 27. Qd2 Qxa2 28. Qc3 Qa4 29. Kh1 Qb4 30. Ra1 Ra8 31. Ra6 d5 32. Qe5 Bf8 33. Qc7 dxe4 34. Qxd7 exd3 35. cxd3 Qxb2 36. Qe6+ Kh8 37. Rxc6 Qb1+ 38. Ne1 a5 39. Qe4 Qb4 40. Qe6 Qf4 41. Kg2 Rb8 42. Rb6 Rxb6 43. Qxb6 a4 44. Nf3 Qd6 45. Qb5 Qf4 46. Qa6 Kg8 47. d4 h5 48. Qxa4 hxg4 49. hxg4 Qxg4+ 50. Kf2 cxd4 51. Nxd4 Qf4+ 52. Ke2 Qe5+ 53. Kd3 Bc5 54. Qa8+ Kh7 55. Qh1+ Kg6 56. Qc6+ Kf7 57. Qf3+ Kg8 58. Qa8+ Bf8 59. Qa2+ Kh7 60. Qf2 Kg8 61. Qa2+ Kh8 62. Qf2 Bc5 63. Qh4+ Kg8 64. Qd8+ Kh7 65. Qh4+ Kg6 66. Qg4+ Kf7 67. Qf3+ Kg8 68. Qa8+ Bf8 69. Qa2+ Kh8 70. Qg2 Qh5 71. Qf3 Qg6+ 72. Kc3 Be7 73. Qh3+ Kg8 74. Qc8+ Bf8 75. Qc4+ Kh7 76. Qd3 Bb4+ 77. Kc4 Qxd3+ 78. Kxd3 Kh6 79. Ke4 g6 80. Kf3 Kh5 81. Ne2 Bd6 82. Nc3 Kh4 83. Nd5 Kh3 84. Nf6 g5 85. Ng4 Bc5 86. Nh6 Kh4 87. Nf5+ Kh3 88. Nh6 Bd4 89. Ng4 Kh4 90. Nh6 Kh5 91. Ng4 Bg1 92. Nf6+ 1/2-1/2

[Event "Novosibirsk Siberia IM"]
[Site "Novosibirsk"]
[Date "2016.07.21"]
[Round "2"]
[White "Giljazitdinov, Eduard"]
[Black "Petrukhina, Olga"]
[Result "1-0"]
[WhiteElo "2080"]
[BlackElo "2100"]
[PlyCount "93"]
[EventDate "2016.07.20"]
[EventType "tourn"]
[EventRounds "9"]
[EventCountry "RUS"]
[SourceTitle "EXT 2017"]
[Source "ChessBase"]
[SourceDate "2016.10.25"]
[SourceVersion "1"]
[SourceVersionDate "2016.10.25"]
[SourceQuality "1"]

1. e4 c5 2. Nf3 Nc6 3. Bb5 g6 4. Bxc6 dxc6 5. h3 Bg7 6. d3 b6 7. Nc3 Nf6 8. Be3 h6 9. Qd2 Qc7 10. Bf4 Qb7 11. a3 Nd7 12. b4 a5 13. bxc5 Nxc5 14. Rb1 Ne6 15. Be3 b5 16. Na4 Qa6 17. Nc5 Nxc5 18. Bxc5 Qb7 19. Bd4 0-0 20. Bxg7 Kxg7 21. Qc3+ Kh7 22. Qc5 Ra6 23. Qd4 Qd7 24. Qe3 Qd6 25. d4 Be6 26. 0-0 Rb8 27. Nd2 Rd8 28. c3 Qxa3 29. f4 f5 30. exf5 Bxf5 31. Ra1 Qd6 32. g4 Bc8 33. Rae1 b4 34. Nc4 Qf6 35. g5 Qf7 36. Qxe7 Rd7 37. Qxf7+ Rxf7 38. Nd6 Rc7 39. Ne8 Raa7 40. Nxc7 Rxc7 41. cxb4 axb4 42. Rf3 Bf5 43. Rfe3 hxg5 44. fxg5 Kg8 45. Re7 Rxe7 46. Rxe7 b3 47. Rb7 1-0

[Event "Novosibirsk Siberia"]
[Site "Novosibirsk"]
[Date "2015.06.03"]
[Round "1"]
[White "Giljazitdinov, Eduard"]
[Black "Maryasin, Boris Feliksovich"]
[Result "1/2-1/2"]
[WhiteElo "2091"]
[BlackElo "2355"]
[PlyCount "53"]
[EventDate "2015.06.03"]
[EventType "tourn"]
[EventRounds "9"]
[EventCountry "RUS"]
[SourceTitle "CBM 167 Extra"]
[Source "ChessBase"]
[SourceDate "2015.09.14"]
[SourceVersion "1"]
[SourceVersionDate "2015.09.14"]
[SourceQuality "1"]

1. e4 c5 2. c3 Nf6 3. e5 Nd5 4. d4 cxd4 5. cxd4 d6 6. Bc4 e6 7. Nf3 Be7 8. 0-0 0-0 9. Bd2 dxe5 10. dxe5 b6 11. Qe2 Bb7 12. Nc3 Nxc3 13. Bxc3 Qc7 14. Rac1 Nd7 15. b4 Bxf3 16. gxf3 Bg5 17. Rc2 Rfd8 18. Qe4 Nf8 19. f4 Bh6 20. Kh1 Ng6 21. Rg1 Rac8 22. Bb3 Bxf4 23. Rxg6 hxg6 24. Qxf4 Qb7+ 25. f3 Rd3 26. Bd2 Rcd8 27. Be3 1/2-1/2

[Event "Novosibirsk"]
[Site "Novosibirsk"]
[Date "2014.07.28"]
[Round "7"]
[White "Giljazitdinov, Eduard"]
[Black "Bocharov, Ivan"]
[Result "0-1"]
[WhiteElo "2098"]
[BlackElo "2473"]
[PlyCount "84"]
[EventDate "2014.07.22"]
[EventType "tourn"]
[EventRounds "9"]
[EventCountry "RUS"]
[SourceTitle "EXT 2016"]
[Source "ChessBase"]
[SourceDate "2015.10.08"]
[SourceVersion "1"]
[SourceVersionDate "2015.10.08"]
[SourceQuality "1"]

1. e4 d5 2. exd5 Qxd5 3. Nc3 Qa5 4. d4 Nf6 5. Nf3 c6 6. Ne5 Be6 7. Bf4 Ne4 8. Qf3 Nxc3 9. Bd2 Nd7 10. Nxd7 Bxd7 11. Bxc3 Qd5 12. Be2 Bf5 13. Qxd5 cxd5 14. Bb5+ Kd8 15. 0-0-0 Rc8 16. Bd3 g6 17. Bxf5 gxf5 18. Rd3 e6 19. Bd2 Rg8 20. Rg3 Rg6 21. Rxg6 hxg6 22. Bg5+ Be7 23. Bxe7+ Kxe7 24. Kd2 g5 25. Re1 f4 26. h3 f6 27. b3 Kd6 28. Kd3 b5 29. c3 e5 30. f3 Rc6 31. Ra1 Ra6 32. a4 Ke6 33. Ra2 Kf5 34. c4 dxc4+ 35. bxc4 Rxa4 36. Rxa4 bxa4 37. d5 Kg6 38. c5 Kf7 39. Kc4 a3 40. Kb3 f5 41. Kxa3 e4 42. Kb4 e3 0-1

[Event "Novosibirsk"]
[Site "Novosibirsk"]
[Date "2014.07.23"]
[Round "2"]
[White "Dzhumagaliev, Yan"]
[Black "Giljazitdinov, Eduard"]
[Result "1-0"]
[WhiteElo "2406"]
[BlackElo "2098"]
[PlyCount "147"]
[EventDate "2014.07.22"]
[EventType "tourn"]
[EventRounds "9"]
[EventCountry "RUS"]
[SourceTitle "EXT 2016"]
[Source "ChessBase"]
[SourceDate "2015.10.08"]
[SourceVersion "1"]
[SourceVersionDate "2015.10.08"]
[SourceQuality "1"]

1. d4 Nf6 2. c4 g6 3. Nc3 Bg7 4. e4 d6 5. Nf3 0-0 6. Be2 e5 7. 0-0 Nc6 8. d5 Ne7 9. Ne1 Nd7 10. Be3 f5 11. f3 f4 12. Bf2 g5 13. a4 a5 14. Nd3 b6 15. b4 axb4 16. Nxb4 Kh8 17. Nb5 Nf6 18. Nc6 Nxc6 19. dxc6 g4 20. fxg4 Nxe4 21. Bxb6 cxb6 22. c7 Qe7 23. Qd5 Nc3 24. Nxc3 Qxc7 25. Ne4 Bb7 26. Qxd6 Qc8 27. Ng5 h6 28. Nf3 Rf6 29. Qe7 Re6 30. Qa3 e4 31. Nh4 Qd8 32. Nf5 Bxa1 33. Qxa1+ Qf6 34. Qc1 e3 35. Rxf4 Rxa4 36. Rf1 Ra2 37. Ng3 Qe5 38. Qb1 Rb2 39. Qd3 Rd6 40. Qa3 Rf6 41. Rxf6 Qxf6 42. Qxe3 Bc6 43. Nf5 Bd7 44. h3 Bxf5 45. gxf5 Rb1+ 46. Kh2 Qd6+ 47. g3 Kg7 48. h4 Rb2 49. Kh3 Qf6 50. Qe4 Rb3 51. Qd5 Re3 52. Bf3 Re5 53. Qd7+ Kf8 54. Qc8+ Kg7 55. g4 h5 56. Qd7+ Re7 57. Qd2 hxg4+ 58. Kxg4 Kh7 59. Qd3 Rg7+ 60. Kh3 Kh8 61. Bh5 Qa1 62. Bg6 Qh1+ 63. Kg4 Qa1 64. Qe4 Qf6 65. h5 Re7 66. Qf4 Re1 67. Qb8+ Kg7 68. Qc7+ Kf8 69. Qc8+ Kg7 70. Qb7+ Re7 71. Qd5 Re1 72. h6+ Kf8 73. Qa8+ Ke7 74. Qb7+ 1-0

[Event "Berdsk Maestro op 16th"]
[Site "Berdsk"]
[Date "2010.07.16"]
[Round "9"]
[White "Sviridov, Valery"]
[Black "Giljazitdinov, Eduard"]
[Result "1-0"]
[WhiteElo "2264"]
[BlackElo "2135"]
[PlyCount "25"]
[EventDate "2010.07.08"]
[EventType "swiss"]
[EventRounds "9"]
[EventCountry "RUS"]
[SourceTitle "EXT 2011"]
[Source "ChessBase"]
[SourceDate "2010.11.26"]
[SourceVersion "1"]
[SourceVersionDate "2010.11.26"]
[SourceQuality "1"]

1. Nf3 d5 2. d4 Nf6 3. c4 dxc4 4. e3 e6 5. Bxc4 c5 6. 0-0 cxd4 7. exd4 Be7 8. Qc2 0-0 9. Nc3 b6 10. Rd1 Bb7 11. Bg5 Nbd7 12. d5 Nxd5 13. Bxd5 1-0

[Event "Berdsk Maestro op 16th"]
[Site "Berdsk"]
[Date "2010.07.11"]
[Round "4"]
[White "Giljazitdinov, Eduard"]
[Black "Latyev, Yury"]
[Result "0-1"]
[WhiteElo "2135"]
[BlackElo "2010"]
[PlyCount "118"]
[EventDate "2010.07.08"]
[EventType "swiss"]
[EventRounds "9"]
[EventCountry "RUS"]
[SourceTitle "EXT 2011"]
[Source "ChessBase"]
[SourceDate "2010.11.26"]
[SourceVersion "1"]
[SourceVersionDate "2010.11.26"]
[SourceQuality "1"]

1. e4 c5 2. c3 d5 3. exd5 Qxd5 4. Nf3 g6 5. Na3 a6 6. Bc4 Qe4+ 7. Be2 Bg7 8. 0-0 Nh6 9. Re1 Qc6 10. d4 0-0 11. Ne5 Qe8 12. dxc5 Nd7 13. Nac4 Nxc5 14. Nb6 Rb8 15. Bf3 Be6 16. Be3 Rd8 17. Qc1 Bxe5 18. Bxc5 Bg7 19. a4 Nf5 20. Bxb7 Bh6 21. f4 Rb8 22. Be4 Rxb6 23. Bxf5 Rc6 24. Bxe6 Rxc5 25. Qe3 Qc6 26. Bg4 e5 27. Bf3 Qc7 28. Rad1 Bxf4 29. Qd3 Qb6 30. Kh1 Qxb2 31. Qxa6 Rxc3 32. Qb5 Qc2 33. Be4 Qf2 34. Qf1 Qxf1+ 35. Rxf1 Rc4 36. Bd5 Rxa4 37. g3 Be3 38. Rf3 Bd4 39. g4 h6 40. h4 Kg7 41. h5 Ra5 42. Be4 gxh5 43. gxh5 Ra1 44. Rxa1 Bxa1 45. Kg2 Rd8 46. Rb3 Rd2+ 47. Kf3 Bd4 48. Rb7 Rf2+ 49. Kg3 Rf4 50. Bd5 Rf5 51. Kh4 e4 52. Bc4 e3 53. Kg3 Be5+ 54. Kg4 Rf4+ 55. Kh3 Rxc4 56. Rb1 e2 57. Kg2 Re4 58. Rg1 e1Q 59. Kh3+ Kf6 0-1

[Event "Novosibirsk-ch op"]
[Site "Novosibirsk"]
[Date "2009.02.23"]
[Round "6"]
[White "Giljazitdinov, Eduard"]
[Black "Klimov, Valery"]
[Result "1-0"]
[WhiteElo "2141"]
[BlackElo "1924"]
[PlyCount "79"]
[EventDate "2009.02.18"]
[EventType "swiss"]
[EventRounds "9"]
[EventCountry "RUS"]
[SourceTitle "CBM 129 Extra"]
[Source "ChessBase"]
[SourceDate "2009.05.05"]
[SourceVersion "2"]
[SourceVersionDate "2009.05.20"]
[SourceQuality "1"]

1. e4 c5 2. c3 d5 3. exd5 Qxd5 4. d4 e6 5. Na3 a6 6. Nc2 cxd4 7. Qxd4 Nf6 8. Nf3 Bc5 9. Qxd5 Nxd5 10. Bc4 Nb6 11. Be2 Nc6 12. b4 Bd6 13. a3 0-0 14. c4 Ne5 15. c5 Nxf3+ 16. Bxf3 Be5 17. cxb6 Bxa1 18. Nxa1 e5 19. Be3 Rd8 20. Nb3 f5 21. Nc5 e4 22. Be2 Kf7 23. Bc4+ Kf6 24. h4 h6 25. Bd2 Rd6 26. Be3 a5 27. b5 a4 28. Ke2 Ke7 29. Rd1 Rxd1 30. Kxd1 Kd6 31. Kd2 g5 32. Kc3 f4 33. Bd4 Bf5 34. Nxb7+ Ke7 35. hxg5 hxg5 36. Nc5 Kd6 37. b7 Rb8 38. b6 g4 39. g3 fxg3 40. fxg3 1-0

[Event "Novosibirsk Region-ch final"]
[Site "Novosibirsk"]
[Date "2008.12.10"]
[Round "6"]
[White "Giljazitdinov, Eduard"]
[Black "Kuznetsov, Evgeny"]
[Result "1-0"]
[WhiteElo "2184"]
[BlackElo "2168"]
[PlyCount "97"]
[EventDate "2008.12.05"]
[EventType "swiss"]
[EventRounds "9"]
[EventCountry "RUS"]
[SourceTitle "EXT 2010"]
[Source "ChessBase"]
[SourceDate "2010.11.25"]
[SourceVersion "1"]
[SourceVersionDate "2010.11.25"]
[SourceQuality "1"]

1. e4 c5 2. c3 g6 3. Nf3 Bg7 4. d4 Qc7 5. Na3 d6 6. Nb5 Qb6 7. a4 a6 8. Na3 Nd7 9. Bc4 cxd4 10. Nxd4 Ngf6 11. Qe2 0-0 12. 0-0 Nc5 13. a5 Qc7 14. f3 Bd7 15. Ba2 e5 16. Ndc2 Rac8 17. Be3 Ne6 18. Bb6 Qb8 19. g3 h5 20. Qf2 Ng5 21. Qd2 Nh3+ 22. Kg2 d5 23. exd5 e4 24. f4 Bg4 25. Ne3 Rce8 26. Nxg4 hxg4 27. Be3 Qc8 28. Nc4 Qf5 29. Nd6 Qh5 30. Nxe8 Rxe8 31. d6 Rd8 32. Bb6 Rd7 33. Rae1 Bf8 34. Bc7 Qb5 35. Qe2 Qa4 36. Qc4 Qxc4 37. Bxc4 Bxd6 38. Bb6 Bc7 39. Bd4 Rd6 40. Bxf6 Rxf6 41. Rxe4 Bxa5 42. Rd1 g5 43. Rf1 gxf4 44. gxf4 Bc7 45. f5 Kf8 46. Rxg4 b5 47. Bb3 Rd6 48. Kxh3 Rd2 49. Rg2 1-0